000 00570cam a22001691 4500
082 _a940.54
_bCAM
110 1 _aGreat Britain.
_939715
245 1 0 _aCampaign of the Fourteenth Army, 1943/44-1944/45
260 _a[S.l. :
_bs.n.],
_c1945-46.
300 _a2 v. :
_bmaps (some folded) ;
_c22 cm.
500 _aMaster microform held by: DLC.
526 _a0
_b0
_c0
_d940_540000000000000_CAM
526 _a0
_b0
_c0
_d940_540000000000000_CAM
650 0 _aMCE
_9379
650 0 _aWorld War, 1939-1945
_xRegimental histories
_zGreat Britain
_xArmy, XIV.
_948945
942 _2ddc
_cBK
999 _c551799
_d551799